<?xml version="1.0" encoding="UTF-8"?>
<record
    xmlns:xsi="http://www.w3.org/2001/XMLSchema-instance"
    xsi:schemaLocation="http://www.loc.gov/MARC21/slim http://www.loc.gov/standards/marcxml/schema/MARC21slim.xsd"
    xmlns="http://www.loc.gov/MARC21/slim">

  <leader>00437nam a2200169Ia 4500</leader>
  <controlfield tag="008">230718s9999    xx            000 0 und d</controlfield>
  <datafield tag="041" ind1=" " ind2=" ">
    <subfield code="a">eng</subfield>
  </datafield>
  <datafield tag="082" ind1=" " ind2=" ">
    <subfield code="a">621.3815</subfield>
    <subfield code="b">GAY</subfield>
  </datafield>
  <datafield tag="100" ind1=" " ind2=" ">
    <subfield code="a">Gayakwad R.A.</subfield>
  </datafield>
  <datafield tag="245" ind1=" " ind2=" ">
    <subfield code="a">Op-Amps And Linear Integrated Circuits</subfield>
  </datafield>
  <datafield tag="250" ind1=" " ind2=" ">
    <subfield code="a">4th ed.</subfield>
  </datafield>
  <datafield tag="260" ind1=" " ind2=" ">
    <subfield code="c">2003</subfield>
    <subfield code="b">Prentice Hall Of India</subfield>
  </datafield>
  <datafield tag="300" ind1=" " ind2=" ">
    <subfield code="a">543</subfield>
  </datafield>
  <datafield tag="365" ind1=" " ind2=" ">
    <subfield code="c">Rs.</subfield>
    <subfield code="b">195.00</subfield>
  </datafield>
  <datafield tag="700" ind1=" " ind2=" ">
    <subfield code="a">Gayakwad R.A.</subfield>
  </datafield>
  <datafield tag="906" ind1=" " ind2=" ">
    <subfield code="d">B:1974202-Mar-2004</subfield>
    <subfield code="c">ETC </subfield>
    <subfield code="b">39</subfield>
  </datafield>
  <datafield tag="999" ind1=" " ind2=" ">
    <subfield code="c">307364</subfield>
    <subfield code="d">307364</subfield>
  </datafield>
  <datafield tag="952" ind1=" " ind2=" ">
    <subfield code="0">0</subfield>
    <subfield code="1">0</subfield>
    <subfield code="4">0</subfield>
    <subfield code="7">0</subfield>
    <subfield code="a">CCEP</subfield>
    <subfield code="b">CCEP</subfield>
    <subfield code="d">2004-03-18</subfield>
    <subfield code="e">Pradeep Book Distributors</subfield>
    <subfield code="f">ETC </subfield>
    <subfield code="g">156.00</subfield>
    <subfield code="i">19742</subfield>
    <subfield code="l">2</subfield>
    <subfield code="o">621.3815</subfield>
    <subfield code="p">CCEP-BK-18571</subfield>
    <subfield code="r">2024-12-12 00:00:00</subfield>
    <subfield code="s">2024-11-27</subfield>
    <subfield code="t">39</subfield>
    <subfield code="v">195.00</subfield>
    <subfield code="w">2004-03-02</subfield>
    <subfield code="y">BK</subfield>
    <subfield code="z">018571</subfield>
  </datafield>
  <datafield tag="952" ind1=" " ind2=" ">
    <subfield code="0">0</subfield>
    <subfield code="1">0</subfield>
    <subfield code="2">ddc</subfield>
    <subfield code="4">0</subfield>
    <subfield code="7">0</subfield>
    <subfield code="a">CCEP</subfield>
    <subfield code="b">CCEP</subfield>
    <subfield code="d">2023-09-23</subfield>
    <subfield code="e">115</subfield>
    <subfield code="g">243.75</subfield>
    <subfield code="l">2</subfield>
    <subfield code="o">621.3815 GAY</subfield>
    <subfield code="p">CCEP-BK-65299</subfield>
    <subfield code="r">2025-12-29 17:11:04</subfield>
    <subfield code="s">2025-09-02</subfield>
    <subfield code="v">325.00</subfield>
    <subfield code="w">2023-09-06</subfield>
    <subfield code="y">BK</subfield>
  </datafield>
  <datafield tag="952" ind1=" " ind2=" ">
    <subfield code="0">0</subfield>
    <subfield code="1">0</subfield>
    <subfield code="2">ddc</subfield>
    <subfield code="4">0</subfield>
    <subfield code="7">0</subfield>
    <subfield code="a">CCEP</subfield>
    <subfield code="b">CCEP</subfield>
    <subfield code="d">2023-09-23</subfield>
    <subfield code="e">115</subfield>
    <subfield code="g">243.75</subfield>
    <subfield code="l">2</subfield>
    <subfield code="o">621.3815 GAY</subfield>
    <subfield code="p">CCEP-BK-65297</subfield>
    <subfield code="r">2024-01-02 00:00:00</subfield>
    <subfield code="s">2023-10-06</subfield>
    <subfield code="v">325.00</subfield>
    <subfield code="w">2023-09-06</subfield>
    <subfield code="y">BK</subfield>
  </datafield>
  <datafield tag="952" ind1=" " ind2=" ">
    <subfield code="0">0</subfield>
    <subfield code="1">0</subfield>
    <subfield code="2">ddc</subfield>
    <subfield code="4">0</subfield>
    <subfield code="7">0</subfield>
    <subfield code="a">CCEP</subfield>
    <subfield code="b">CCEP</subfield>
    <subfield code="d">2023-09-23</subfield>
    <subfield code="e">115</subfield>
    <subfield code="g">243.75</subfield>
    <subfield code="l">2</subfield>
    <subfield code="o">621.3815 GAY</subfield>
    <subfield code="p">CCEP-BK-65301</subfield>
    <subfield code="r">2023-12-19 00:00:00</subfield>
    <subfield code="s">2023-10-03</subfield>
    <subfield code="v">325.00</subfield>
    <subfield code="w">2023-09-06</subfield>
    <subfield code="y">BK</subfield>
  </datafield>
  <datafield tag="952" ind1=" " ind2=" ">
    <subfield code="0">0</subfield>
    <subfield code="1">0</subfield>
    <subfield code="2">ddc</subfield>
    <subfield code="4">0</subfield>
    <subfield code="7">0</subfield>
    <subfield code="a">CCEP</subfield>
    <subfield code="b">CCEP</subfield>
    <subfield code="d">2023-09-23</subfield>
    <subfield code="e">115</subfield>
    <subfield code="g">243.75</subfield>
    <subfield code="l">1</subfield>
    <subfield code="o">621.3815 GAY</subfield>
    <subfield code="p">CCEP-BK-65300</subfield>
    <subfield code="r">2024-01-03 00:00:00</subfield>
    <subfield code="s">2023-10-06</subfield>
    <subfield code="v">325.00</subfield>
    <subfield code="w">2023-09-06</subfield>
    <subfield code="y">BK</subfield>
  </datafield>
  <datafield tag="952" ind1=" " ind2=" ">
    <subfield code="0">0</subfield>
    <subfield code="1">0</subfield>
    <subfield code="2">ddc</subfield>
    <subfield code="4">0</subfield>
    <subfield code="7">0</subfield>
    <subfield code="a">CCEP</subfield>
    <subfield code="b">CCEP</subfield>
    <subfield code="d">2023-09-23</subfield>
    <subfield code="e">115</subfield>
    <subfield code="g">243.75</subfield>
    <subfield code="l">1</subfield>
    <subfield code="o">621.3815 GAY</subfield>
    <subfield code="p">CCEP-BK-65298</subfield>
    <subfield code="r">2023-12-19 00:00:00</subfield>
    <subfield code="s">2023-10-05</subfield>
    <subfield code="v">325.00</subfield>
    <subfield code="w">2023-09-06</subfield>
    <subfield code="y">BK</subfield>
  </datafield>
</record>
